Technologie cukrovarnictví -technologie cukroviniek

Na minha lista:
Detalhes bibliográficos
Autor principal: Bretschneider, Rudolf
Formato: Livro
Idioma:idioma desconhecido
Publicado em: Praha SNTL 1984
Acesso em linha:View in OPAC
Tags: Adicionar Tag
Sem tags, seja o primeiro a adicionar uma tag!

MARC

LEADER 00000nam a2200000 a 4500
005 20260127134016.0
008 991008s1984 xx 0 und c
035 |a vtls001374162 
035 |a SNK000328035 
039 9 |a 200511151048  |b mschk03  |y 200412281736  |z VLOAD 
040 |a SNK  |b slo  |c SNK  |d STUSCHK1  |e AACR2 
100 1 |a Bretschneider, Rudolf 
245 1 |a Technologie cukrovarnictví -technologie cukroviniek 
260 |a Praha  |b SNTL  |c 1984 
300 |a 102 s. 
910 |a SCHK95 
999 |c 2038  |d 2038 
942 0 0 |0 4